000 00642nam a22002177a 4500
003 UA-OsUOA
001 118070
007 ta
008 20160715b un ||||| |||| 00| 0 ukr d
100 _aБарановський О.І.
090 _a330(477)
_bБ24
942 _cSA
040 _aUA-OsUOA
_bukr
_cUA-OsUOA
_dUA-OsUOA
245 _aСутність і чинники фінансової безпеки фондового ринку
300 _aС.20-39
955 _a0
041 _aukr
080 _a330(477)
773 0 _w118068
_tФінанси України
_dК.
_d2016
_g1
650 7 _a330 Економіка взагалі
_2UDC
999 _c404125
_d404125